Loading...

Bharathathinte punarjanmam

Bibliographic Details
Main Author: Sri. Aravindan
Format: Printed Book
Language:Malayalam
Published: Mysoor Meera Adhithi
LEADER 00453nam a2200121Ia 4500
008 111205s9999 xx 000 0 mal d
082 |a 853 SIV/K28930 
100 |a Sri. Aravindan 
245 |a Bharathathinte punarjanmam  |c Sri. Aravindan 
260 |b Meera Adhithi  |a Mysoor  |c 0 
942 |c BK 
999 |c 227760  |d 227760 
952 |0 0  |1 0  |2 ddc  |4 0  |6 181_400000000000000_ARA_B  |7 0  |9 251475  |a MAL  |b MAL  |c ST1  |d 2011-12-05  |g 0.00  |l 0  |o 181.4 ARA/B  |p MAL27677  |r 2011-12-05  |v 100.00  |w 2011-12-05  |y BK